La metafísica como libertad y sentido
Uloženo v:
| Hlavní autor: | |
|---|---|
| Médium: | Kniha |
| Jazyk: | španělština |
| Vydáno: |
Buenos Aires
Glauco
1998
|
| Témata: | |
| Tagy: |
Přidat tag
Žádné tagy, Buďte první, kdo vytvoří štítek k tomuto záznamu!
|
MARC
| LEADER | 00000nam a2200000 a 4500 | ||
|---|---|---|---|
| 001 | UCP1326 | ||
| 003 | CL-VaPUC | ||
| 008 | 990409e19980000AG |||||||||||||||||spa|d | ||
| 082 | 0 | 4 | |a 110 |b CAR |2 21 |
| 100 | 0 | |a Carpio, Adolfo P |e author |9 427310 | |
| 245 | 1 | 3 | |a La metafísica como libertad y sentido |
| 300 | |a 401 p | ||
| 942 | |c BK | ||
| 945 | |d 19990409 00:00:00 |a rbrito | ||
| 260 | |a Buenos Aires |b Glauco |c 1998 | ||
| 650 | 0 | |a Metafísica |9 265649 | |
| 650 | 0 | |a Libertad |9 255686 | |
| 650 | 0 | |a Cosmología |9 269138 | |
| 650 | 0 | |a Idealismo |9 265685 | |
| 650 | 0 | |a Existencialismo |9 265698 | |
| 650 | 0 | |a Ontología |9 256850 | |
| 583 | |a last modification |c 19990409 00:00:00 |k Rodrigo Vera | ||
| 999 | |c 280015 |d 280013 | ||
| 952 | |0 0 |1 0 |4 0 |6 110_000000000000000_CAR_1998 |7 0 |8 A |9 319984 |a BIBEDU |b BIBEDU |d 2019-11-20 |i 349957K |o 110 CAR 1998 |p 349957K |r 2019-11-20 |w 2019-11-20 |y BK |k BME | ||